000 00717nam a22002417a 4500
001 3656
003 FISKH
005 20240403113516.0
008 240403b cb ||||| |||| 00| 0 eng d
040 _aFISK
_beng
_cFISK
_dFISK
050 _aPZ7.S7242
082 _a813
100 _aSoto Gary
_d1952-
245 _aBaseball in April and other stories /
_cGary Soto
260 _aFlorida :
_bGary Soto,
_c1990
300 _a111 pages :
_c20 cm
505 _aO
520 _aA collection of eleven short stories focusing on the everyday adventures of Hispanic young people growing up in Fresno, California.
521 8 _a830
_bLexile
700 _aGary Soto
942 _2ddc
_cBK
_n0
999 _c3656
_d3656